Sports General Knowledge #2 - Statistics

General Stats
  • This quiz has been taken 845 times
  • The average score is 12 of 20
Answer Stats
Question Answer % Correct
How many holes are there in a standard round of golf? 18
92%
What colour jersey does the leader of the Tour de France wear? Yellow
91%
Who holds the record for the fastest 100m sprint in Olympic history? Usain Bolt
90%
What does MMA stand for? Mixed Martial Arts
84%
Which city hosted the first ever Olympic Games? Athens
81%
Which player has scored the most points in NBA history? LeBron James
81%
Which country won the first ever FIFA Women’s World Cup in 1991? United States
75%
Which male tennis player has won the most Grand Slam singles titles? Novak Djokovic
73%
Which team won the English Premier League unbeaten? Arsenal
72%
What is the maximum score possible in a single game of ten-pin bowling? 300
68%
In tennis, what term is used for a score of 40-40? Deuce
68%
What does the winner of The Masters famously receive? Green Jacket
64%
Who won the first ever FIFA World Cup in 1930? Uruguay
62%
What is the term for when a baseball player hits a home run with the bases loaded? Grand Slam
55%
Who was the youngest driver to win a Formula 1 race? Max Verstappen
53%
Which sport is most popular in Ireland? Gaelic Football
40%
Which horse race is known as "The Run for the Roses"? Kentucky Derby
35%
Which boxer defeated Muhammad Ali in "The Fight of the Century" in 1971? Joe Frazier
33%
What is the national sport of South Korea? Taekwondo
23%
Which team won the first ever NBA Championship in 1950? Minneapolis Lakers
6%
No matching quizzes found
Score Distribution
Percent of People with Each Score
Percentile by Number Answered
Your Score History
You have not taken this quiz